[Event "AUTO-OPEN-2846"]
[Site "http://www.queenalice.com/game.php?id=1123449"]
[Date "2012.11.18"]
[Round "1"]
[White "palepoli"]
[Black "scaccomatto"]
[Result "0-1"]
[WhiteElo "1988"]
[BlackElo "1939"]

1. e4 d6 2. d4 Nf6 3. Nc3 g6 4. Nf3 Bg7 5. Be2 O-O 6. O-O Nbd7 7. h3 Re8 8. Be3
e5 9. d5 Nb6 10. Qd2 Bd7 11. a4 a5 0-1

[Event "AUTO-OPEN-2846"]
[Site "http://www.queenalice.com/game.php?id=1123450"]
[Date "2012.11.18"]
[Round "1"]
[White "scaccomatto"]
[Black "palepoli"]
[Result "1-0"]
[WhiteElo "1957"]
[BlackElo "1938"]

1. d4 d5 2. c4 c6 3. Nf3 Nf6 4. Nc3 e6 5. Bg5 h6 6. Bxf6 Qxf6 7. e3 Nd7 8. Bd3
dxc4 9. Bxc4 g6 10. O-O Bg7 11. Re1 O-O 12. e4 1-0

[Event "AUTO-ADV-3036"]
[Site "http://www.queenalice.com/game.php?id=1242968"]
[Date "2013.12.26"]
[Round "1"]
[White "NatanEstivallet"]
[Black "palepoli"]
[Result "0-1"]
[WhiteElo "1948"]
[BlackElo "1692"]

1. d4 d5 2. c4 dxc4 3. e4 e5 4. dxe5 Qxd1+ 5. Kxd1 Nc6 6. f4 Bg4+ 7. Nf3 O-O-O+
8. Kc2 Bxf3 9. gxf3 Nd4+ 10. Kc3 b5 11. Bg2 Ne7 12. Be3 b4+ 13. Kd2 Nb3+ 0-1

[Event "AUTO-ADV-3036"]
[Site "http://www.queenalice.com/game.php?id=1242969"]
[Date "2013.12.26"]
[Round "1"]
[White "palepoli"]
[Black "NatanEstivallet"]
[Result "1-0"]
[WhiteElo "1718"]
[BlackElo "1948"]

1. e4 c5 2. Nc3 Nc6 3. f4 g6 4. Nf3 Bg7 5. Bb5 Nf6 6. Bxc6 bxc6 7. O-O O-O 8. d3
d6 9. Qe1 Bg4 10. b3 Nh5 11. Rb1 Qa5 12. Bb2 Nxf4 13. Nd5 1-0

[Event "AUTO-ADV-3036"]
[Site "http://www.queenalice.com/game.php?id=1242984"]
[Date "2013.12.26"]
[Round "1"]
[White "toomchess"]
[Black "palepoli"]
[Result "1-0"]
[WhiteElo "2103"]
[BlackElo "1757"]

1. e4 c6 2. d4 d5 3. e5 Bf5 4. Nc3 e6 5. g4 Bg6 6. Nge2 c5 7. Nf4 cxd4 8. Nxg6
hxg6 9. Qxd4 Nc6 10. Bb5 Ne7 11. Bg5 a6 12. Bxc6+ Nxc6 13. Qd2 Nxe5 14. O-O-O
Nf3 15. Bxd8 Nxd2 16. Rxd2 Rxd8 17. Re1 Rxh2 18. Nxd5 Bd6 19. Ne3 Bf4 20. Rxd8+
Kxd8 21. f3 Rf2 22. Kd1 Rxf3 23. Ng2 Bg5 24. Ke2 Rg3 25. Rd1+ Ke7 26. Kf2 Rxg4
27. Rd3 Rc4 28. c3 f5 29. b3 1-0

[Event "AUTO-ADV-3036"]
[Site "http://www.queenalice.com/game.php?id=1242985"]
[Date "2013.12.26"]
[Round "1"]
[White "palepoli"]
[Black "toomchess"]
[Result "0-1"]
[WhiteElo "1755"]
[BlackElo "2105"]

1. e4 e5 2. Nf3 Nc6 3. Bb5 Bc5 4. c3 d6 5. d4 exd4 6. cxd4 Bb4+ 7. Nc3 Bd7 8.
O-O Nge7 9. Bg5 O-O 10. Nd5 f6 11. Nxb4 fxg5 12. Qb3+ Kh8 13. Bxc6 Nxc6 14. Nxc6
bxc6 15. Rac1 g4 16. Nd2 Qg5 17. Nc4 h5 18. Qe3 Qg6 19. Na5 Rf3 20. Qe2 Re8 21.
e5 dxe5 22. dxe5 Ref8 23. Nxc6 Bxc6 24. Qa6 R3f5 25. Rxc6 Qe8 26. e6 h4 27. Rxc7
g3 28. hxg3 hxg3 0-1

[Event "AUTO-ADV-3036"]
[Site "http://www.queenalice.com/game.php?id=1242994"]
[Date "2013.12.26"]
[Round "1"]
[White "spitty"]
[Black "palepoli"]
[Result "1-0"]
[WhiteElo "2004"]
[BlackElo "1745"]

1. e4 c6 2. d4 d5 3. e5 Bf5 4. h4 h5 5. Bd3 Bxd3 6. Qxd3 e6 7. Nf3 Qa5+ 8. Nbd2
c5 9. dxc5 Bxc5 10. c3 Qc7 11. O-O Nc6 12. Nb3 Bb6 13. Be3 Nge7 14. Bxb6 Qxb6
15. Nbd4 Nxd4 16. Nxd4 1-0

[Event "AUTO-ADV-3036"]
[Site "http://www.queenalice.com/game.php?id=1242995"]
[Date "2013.12.26"]
[Round "1"]
[White "palepoli"]
[Black "spitty"]
[Result "0-1"]
[WhiteElo "1751"]
[BlackElo "1998"]

1. e4 e5 2. Nf3 Nc6 3. d4 exd4 4. Nxd4 Qh4 5. Nc3 Bb4 6. Be2 Qxe4 7. Nb5 Bxc3+
8. bxc3 Kd8 9. O-O Nf6 10. Re1 Re8 11. Bg5 a6 12. Nd4 Nxd4 13. cxd4 Qf5 14.
Bxf6+ Qxf6 15. Qd3 c6 0-1

[Event "AUTO-INT-2783"]
[Site "http://www.queenalice.com/game.php?id=1243015"]
[Date "2013.12.26"]
[Round "1"]
[White "ChessLeticia"]
[Black "palepoli"]
[Result "1-0"]
[WhiteElo "1630"]
[BlackElo "1739"]

1. e4 c6 2. d3 d5 3. exd5 cxd5 4. g3 e5 5. Bg2 Nf6 6. Nd2 Nc6 7. Ngf3 Bc5 8. O-O
O-O 9. Qe2 Re8 10. Nb3 Bd6 11. Re1 Bg4 12. h3 Bxf3 13. Qxf3 Rc8 14. c3 Be7 15.
Bg5 Nd7 16. Bxe7 Nxe7 17. Rad1 Qc7 18. Qg4 Nf6 19. Qg5 Nc6 20. Nd2 b5 21. Nf3 h6
22. Qh4 Rcd8 23. Nh2 1-0

[Event "AUTO-INT-2783"]
[Site "http://www.queenalice.com/game.php?id=1243016"]
[Date "2013.12.26"]
[Round "1"]
[White "palepoli"]
[Black "ChessLeticia"]
[Result "0-1"]
[WhiteElo "1719"]
[BlackElo "1650"]

1. e4 c5 2. Nc3 d6 3. f4 e6 4. Nf3 Nc6 5. Bb5 Bd7 6. O-O Nf6 7. d3 Be7 8. e5 Nd5
9. Ne4 dxe5 10. fxe5 O-O 11. c4 Nc7 12. Bxc6 Bxc6 13. b3 Bxe4 14. dxe4 f6 15.
exf6 Bxf6 16. e5 Be7 17. Be3 Qe8 18. Qd3 Rd8 19. Qe4 b6 20. Rad1 Qg6 21. Qxg6
hxg6 22. Rxd8 Rxd8 0-1

[Event "AUTO-INT-2783"]
[Site "http://www.queenalice.com/game.php?id=1243031"]
[Date "2013.12.26"]
[Round "1"]
[White "phystutordotcom"]
[Black "palepoli"]
[Result "1/2-1/2"]
[WhiteElo "2318"]
[BlackElo "1743"]

1. Nf3 d5 2. g3 Nf6 3. Bg2 c5 4. O-O Nc6 5. d3 e5 6. Nbd2 Be7 7. e4 O-O 8. Re1
d4 9. Nc4 Qc7 10. a4 a6 11. a5 Be6 12. Nb6 Rad8 13. Bd2 Rfe8 14. Nh4 Nd7 15. Nd5
Bxd5 16. exd5 Nb4 17. Nf5 Nf6 18. d6 Bxd6 19. Bg5 Be7 20. Qe2 Nfd5 21. Bxe7 Nxe7
22. Qxe5 Qxe5 23. Rxe5 Nxf5 1/2-1/2

[Event "AUTO-INT-2783"]
[Site "http://www.queenalice.com/game.php?id=1243032"]
[Date "2013.12.26"]
[Round "1"]
[White "palepoli"]
[Black "phystutordotcom"]
[Result "0-1"]
[WhiteElo "1753"]
[BlackElo "2364"]

1. e4 d6 2. d4 Nf6 3. Nc3 e5 4. Nf3 Nbd7 5. Bc4 Be7 6. O-O O-O 7. Re1 c6 8. a4
exd4 9. Nxd4 Ne5 10. Ba2 Re8 11. h3 Qa5 12. f4 Ng6 13. Qd3 Bd8 14. Bd2 Qh5 15.
Rad1 Bb6 16. Be3 Bg4 17. Rd2 Bd7 18. f5 Ne5 19. Qf1 Qh4 20. Qf2 Qxf2+ 21. Bxf2
Ba5 22. Rdd1 Rad8 23. Bh4 Kf8 24. Bxf6 gxf6 25. Nde2 d5 26. exd5 Bxf5 27. Bb3 c5
28. Ng3 Bg6 29. Nge4 Bxc3 0-1